Statistiques concernant L'Europe par les frontières en 30 secondes

Cliquez ici pour prendre le quiz!

Statistiques générales

  • Ce quiz a été pris 417 fois
  • Le résultat moyen est 36 sur 45

Statistiques - réponses

Country % Correct
France
100%
Suisse
99%
Andorre
98%
Allemagne
97%
Italie
97%
Luxembourg
95%
Ukraine
94%
Royaume-Uni
94%
Norvège
94%
Russie
93%
Finlande
93%
Pologne
93%
Autriche
92%
Portugal
90%
Espagne
90%
République tchèque
87%
Lettonie
87%
Biélorussie
85%
Serbie
84%
Lituanie
84%
Bulgarie
84%
Estonie
84%
Slovénie
83%
Suède
83%
Roumanie
83%
Pays-Bas
83%
Hongrie
82%
Macédoine
80%
Monaco
80%
Croatie
78%
Grèce
75%
Albanie
74%
Bosnie-Herzégovine
72%
Danemark
72%
Slovaquie
70%
Islande
65%
Belgique
65%
Monténégro
64%
Moldavie
63%
Kosovo
63%
Irlande
61%
Saint-Marin
60%
Vatican
59%
Liechtenstein
52%
Malte
31%

Distribution des résultats

Percentile par nombre de réponses

% des personnes avec chaque résultat

Votre développement - résultats

Vous n’avez pas pris ce quiz